Walking on the Land

Uloženo v:
Podrobná bibliografie
Hlavní autor: Farley Mowat
Médium: Kniha
Jazyk:Undetermined
Vydáno: Toronto Key Porter Books limited 2000
Témata:
Tagy: Přidat tag
Žádné tagy, Buďte první, kdo otaguje tento záznam!
Thư viện lưu trữ: Trung tâm Học liệu Trường Đại học Cần Thơ
LEADER 00443nam a2200169Ia 4500
001 CTU_56023
008 210402s9999 xx 000 0 und d
082 |a 897.3 
082 |b M936 
100 |a Farley Mowat 
245 0 |a Walking on the Land 
245 0 |c Farley Mowat 
260 |a Toronto 
260 |b Key Porter Books limited 
260 |c 2000 
650 |a Canadian literature 
980 |a Trung tâm Học liệu Trường Đại học Cần Thơ